[Event "Karaganda Mayor's Cup"]
[Site "Karaganda"]
[Date "2015.12.08"]
[Round "9"]
[White "Vokhidov, Shamsiddin"]
[Black "Mogila, Vladimir"]
[Result "1/2-1/2"]
[WhiteElo "2415"]
[BlackElo "2260"]
[PlyCount "104"]
[EventDate "2015.12.01"]
[EventType "tourn"]
[EventRounds "9"]
[EventCountry "KAZ"]
[SourceTitle "EXT 2018"]
[Source "ChessBase"]
[SourceDate "2017.10.13"]
[SourceVersion "1"]
[SourceVersionDate "2017.10.13"]
[SourceQuality "1"]

1. e4 c5 2. Nf3 a6 3. c3 Nf6 4. e5 Nd5 5. d4 cxd4 6. Qxd4 e6 7. Bc4 Nc6 8. Qe4 Nb6 9. Bd3 d5 10. Qg4 Qc7 11. Bf4 Na4 12. b3 Nxc3 13. Nxc3 Nb4 14. Kd2 h5 15. Qh4 Bd7 16. Rhc1 Qa5 17. Nd4 Rc8 18. Ke2 Rxc3 19. Rxc3 Nxa2 20. Rxa2 Qxa2+ 21. Rc2 Qa1 22. Nf3 Be7 23. Bg5 f6 24. Bg6+ Kd8 25. Bc1 Bb5+ 26. Kd1 fxe5 27. Rc8+ Kxc8 28. Qxe7 e4 29. Qxe6+ Kb8 30. Qe5+ Qxe5 31. Nxe5 a5 32. Be3 h4 33. Kd2 a4 34. bxa4 Bxa4 35. Kc3 Kc7 36. Nf7 Ra8 37. Ng5 Kd6 38. Bf4+ Ke7 39. Kd4 Kf6 40. Bh5 Bc6 41. Bd1 Kf5 42. g3 Ra2 43. Nh3 hxg3 44. hxg3 Ra3 45. Bc2 Ra2 46. Bd1 Ra3 47. Bc2 Ra2 48. Bd1 Ra1 49. Bb3 Ra3 50. Bc2 Ra2 51. Bb3 Ra3 52. Bc2 Ra2 1/2-1/2

[Event "KAZ-ch qual"]
[Site "Astana"]
[Date "2012.02.29"]
[Round "9"]
[White "Sadykov, Iljas"]
[Black "Mogila, Vladimir"]
[Result "1/2-1/2"]
[WhiteElo "2168"]
[BlackElo "2086"]
[PlyCount "35"]
[EventDate "2012.02.21"]
[EventType "swiss"]
[EventRounds "9"]
[EventCountry "KAZ"]
[SourceTitle "EXT 2014"]
[Source "ChessBase"]
[SourceDate "2013.11.20"]
[SourceVersion "1"]
[SourceVersionDate "2013.11.20"]
[SourceQuality "1"]

1. e4 c6 2. Nc3 d5 3. Nf3 dxe4 4. Nxe4 Nf6 5. Nxf6+ exf6 6. Bc4 Bd6 7. Qe2+ Qe7 8. Qxe7+ Kxe7 9. d4 Be6 10. Bxe6 fxe6 11. 0-0 Nd7 12. Re1 Kf7 13. c4 Rhe8 14. Bd2 e5 15. Bc3 Rad8 16. Rad1 g6 17. d5 cxd5 18. Rxd5 1/2-1/2

[Event "KAZ-ch qual"]
[Site "Astana"]
[Date "2012.02.28"]
[Round "8"]
[White "Mogila, Vladimir"]
[Black "Nakyp, Rakhimjan"]
[Result "1-0"]
[WhiteElo "2086"]
[BlackElo "2086"]
[PlyCount "40"]
[EventDate "2012.02.21"]
[EventType "swiss"]
[EventRounds "9"]
[EventCountry "KAZ"]
[SourceTitle "EXT 2014"]
[Source "ChessBase"]
[SourceDate "2013.11.20"]
[SourceVersion "1"]
[SourceVersionDate "2013.11.20"]
[SourceQuality "1"]

1. d4 Nf6 2. g3 c5 3. dxc5 e5 4. Bg2 Bxc5 5. c4 0-0 6. Nf3 e4 7. Nd4 d5 8. Nb3 Bb4+ 9. Bd2 Bxd2+ 10. Qxd2 dxc4 11. Qxd8 Rxd8 12. Na5 Nc6 13. Nxc6 bxc6 14. Nd2 Be6 15. 0-0-0 Bd5 16. f3 Re8 17. fxe4 Nxe4 18. Bxe4 Bxe4 19. Rhe1 Bd5 20. e4 Be6 1-0

[Event "KAZ-ch qual"]
[Site "Astana"]
[Date "2012.02.23"]
[Round "3"]
[White "Tokabayev, Alibek"]
[Black "Mogila, Vladimir"]
[Result "0-1"]
[WhiteElo "1940"]
[BlackElo "2086"]
[PlyCount "50"]
[EventDate "2012.02.21"]
[EventType "swiss"]
[EventRounds "9"]
[EventCountry "KAZ"]
[SourceTitle "EXT 2014"]
[Source "ChessBase"]
[SourceDate "2013.11.20"]
[SourceVersion "1"]
[SourceVersionDate "2013.11.20"]
[SourceQuality "1"]

1. d4 d5 2. c4 c6 3. Nf3 Nf6 4. Qc2 g6 5. e3 Bf5 6. Bd3 Bxd3 7. Qxd3 Bg7 8. 0-0 0-0 9. Nbd2 Nbd7 10. e4 dxc4 11. Nxc4 Nc5 12. Qc2 Ncxe4 13. Qb3 Qc7 14. Nfe5 Nd5 15. a4 Rad8 16. a5 c5 17. f3 Nd6 18. a6 b6 19. Na3 Nf5 20. Nb5 Nxd4 21. Nxd4 cxd4 22. Nd3 e5 23. Bd2 Qd7 24. Rfe1 Rfe8 25. h4 h6 0-1

[Event "KAZ-ch U20"]
[Site "Kostanay"]
[Date "2012.02.11"]
[Round "9"]
[White "Karayev, Assylkhan"]
[Black "Mogila, Vladimir"]
[Result "1-0"]
[WhiteElo "2262"]
[BlackElo "2086"]
[PlyCount "81"]
[EventDate "2012.02.04"]
[EventType "swiss"]
[EventRounds "9"]
[EventCountry "KAZ"]
[SourceTitle "EXT 2014"]
[Source "ChessBase"]
[SourceDate "2013.11.20"]
[SourceVersion "1"]
[SourceVersionDate "2013.11.20"]
[SourceQuality "1"]

1. b3 e5 2. Bb2 d6 3. e3 Nf6 4. d4 exd4 5. exd4 d5 6. Nf3 Bg4 7. Be2 Bd6 8. 0-0 Bxf3 9. Bxf3 0-0 10. c4 c6 11. Nc3 Bb4 12. Re1 Nbd7 13. a3 Bxc3 14. Bxc3 Re8 15. Qc2 Nf8 16. c5 b5 17. a4 Rxe1+ 18. Rxe1 a6 19. Ra1 Ne6 20. Qf5 Qc8 21. h4 Rb8 22. b4 Qd7 23. axb5 axb5 24. Qc2 h6 25. Ra6 Nc7 26. Ra7 Ra8 27. Qa2 Rxa7 28. Qxa7 Ne6 29. Qa1 Ne4 30. Be1 Nf4 31. Bd1 Nd3 32. Bc2 Nxe1 33. Qxe1 Nf6 34. Qe5 Kf8 35. Bf5 Qe7 36. g4 g6 37. Bc8 g5 38. hxg5 hxg5 39. Kg2 Ke8 40. Bb7 Kd7 41. Bxc6+ 1-0

[Event "KAZ-ch U20"]
[Site "Kostanay"]
[Date "2012.02.10"]
[Round "8"]
[White "Mogila, Vladimir"]
[Black "Lozhnikov, Vyacheslav"]
[Result "1-0"]
[WhiteElo "2086"]
[BlackElo "2304"]
[PlyCount "141"]
[EventDate "2012.02.04"]
[EventType "swiss"]
[EventRounds "9"]
[EventCountry "KAZ"]
[SourceTitle "EXT 2014"]
[Source "ChessBase"]
[SourceDate "2013.11.20"]
[SourceVersion "1"]
[SourceVersionDate "2013.11.20"]
[SourceQuality "1"]

1. d4 Nf6 2. c4 g6 3. Nc3 d5 4. Bf4 Bg7 5. Rc1 dxc4 6. e4 0-0 7. Nf3 c5 8. dxc5 Qa5 9. Qe2 b5 10. cxb6 axb6 11. e5 Nd5 12. Bd2 Nb4 13. Qxc4 Ba6 14. Nb5 Rc8 15. Qxc8+ Bxc8 16. Rxc8+ Bf8 17. a3 Qa6 18. Rxf8+ Kxf8 19. Bxb4 Qc8 20. Bc3 Qf5 21. Kd2 Nd7 22. Bd3 Qf4+ 23. Ke2 Nc5 24. Rd1 Rd8 25. Nbd4 Na4 26. Kf1 Nxc3 27. bxc3 Ra8 28. Ra1 Rxa3 29. Rxa3 Qc1+ 30. Ke2 Qxa3 31. c4 Qb2+ 32. Nc2 Kg7 33. g3 g5 34. h3 h6 35. Kf1 e6 36. Ne3 Qc3 37. Be2 Qb2 38. Bd3 Qa1+ 39. Kg2 Qa8 40. g4 f6 41. exf6+ Kxf6 42. Kg3 Qb8+ 43. Kg2 Qf4 44. Be2 Qe4 45. Kg1 Ke7 46. Nd2 Qe5 47. Bf3 Qb8 48. Kg2 Kd6 49. Ne4+ Ke5 50. Ng3 Kd4 51. Ne4 Qf4 52. Ng3 Qf8 53. Be4 Kc3 54. Bf3 Kd3 55. Be2+ Kd2 56. Bf3 Qb4 57. Ne4+ Kc1 58. Ng3 Qa4 59. Ne4 Qa2 60. Nc3 Qb3 61. Ne4 Qd3 62. c5 b5 63. c6 Qd8 64. Nc5 b4 65. Nxe6 Qe8 66. c7 b3 67. Nc4 b2 68. Nxb2 Qc8 69. Nd3+ Kd2 70. Ndc5 Ke1 71. Bb7 1-0

[Event "KAZ-ch U20"]
[Site "Kostanay"]
[Date "2012.02.06"]
[Round "4"]
[White "Zhunusov, Murat"]
[Black "Mogila, Vladimir"]
[Result "0-1"]
[WhiteElo "2205"]
[BlackElo "2086"]
[PlyCount "46"]
[EventDate "2012.02.04"]
[EventType "swiss"]
[EventRounds "9"]
[EventCountry "KAZ"]
[SourceTitle "EXT 2014"]
[Source "ChessBase"]
[SourceDate "2013.11.20"]
[SourceVersion "1"]
[SourceVersionDate "2013.11.20"]
[SourceQuality "1"]

1. e4 c6 2. d4 d5 3. Nd2 dxe4 4. Nxe4 Nf6 5. Nxf6+ exf6 6. c3 Be6 7. Bd3 c5 8. dxc5 Bxc5 9. Nf3 0-0 10. 0-0 Nc6 11. Bf4 Qb6 12. Qc2 h6 13. Rae1 Rfe8 14. Nd2 Rac8 15. Ne4 Bf8 16. Bxh6 Nb4 17. Qd2 Nxd3 18. Qxd3 Bc4 19. Qd7 Rcd8 20. Qf5 Bxf1 21. Kxf1 Qa6+ 22. Kg1 Qe6 23. Qf3 f5 0-1

[Event "Astana 65 Victory Day"]
[Site "Astana"]
[Date "2010.04.21"]
[Round "13"]
[White "Mogila, Vladimir"]
[Black "Rinas, Oleg G"]
[Result "0-1"]
[WhiteElo "2312"]
[BlackElo "2405"]
[PlyCount "64"]
[EventDate "2010.03.26"]
[EventType "tourn"]
[EventRounds "14"]
[EventCountry "KAZ"]
[EventCategory "3"]
[SourceTitle "EXT 2012"]
[Source "ChessBase"]
[SourceDate "2011.11.24"]
[SourceVersion "1"]
[SourceVersionDate "2011.11.24"]
[SourceQuality "1"]

1. c4 Nf6 2. Nf3 c5 3. Nc3 e6 4. e3 d5 5. d4 Nc6 6. cxd5 exd5 7. Bb5 a6 8. Bxc6+ bxc6 9. Ne5 Qc7 10. Qa4 Bb7 11. 0-0 Bd6 12. f4 0-0 13. b3 cxd4 14. exd4 Qe7 15. Re1 Rfe8 16. Bd2 Qc7 17. Rac1 Qb6 18. Kh1 Rac8 19. a3 c5 20. dxc5 Bxc5 21. Nd7 Nxd7 22. Qxd7 Rxe1+ 23. Rxe1 Qc6 24. Qxc6 Bxc6 25. b4 Bd6 26. Rc1 Re8 27. Kg1 Bb8 28. Nd1 Ba7+ 29. Kh1 Bb5 30. Rc7 Bb8 31. Rc2 Bxf4 32. g3 Ba4 0-1

[Event "Astana 65 Victory Day"]
[Site "Astana"]
[Date "2010.04.18"]
[Round "10"]
[White "Mogila, Vladimir"]
[Black "Khusnutdinov, Rustam"]
[Result "1/2-1/2"]
[WhiteElo "2312"]
[BlackElo "2527"]
[PlyCount "57"]
[EventDate "2010.03.26"]
[EventType "tourn"]
[EventRounds "14"]
[EventCountry "KAZ"]
[EventCategory "3"]
[SourceTitle "EXT 2012"]
[Source "ChessBase"]
[SourceDate "2011.11.24"]
[SourceVersion "1"]
[SourceVersionDate "2011.11.24"]
[SourceQuality "1"]

1. d4 Nf6 2. c4 g6 3. Nc3 d5 4. Nf3 Bg7 5. Bg5 Ne4 6. cxd5 Nxg5 7. Nxg5 e6 8. Nf3 exd5 9. e3 0-0 10. b4 c6 11. Be2 Qd6 12. Qb3 Be6 13. 0-0 Nd7 14. Rac1 Rfc8 15. Na4 b6 16. Ne1 c5 17. bxc5 bxc5 18. Qa3 Bf8 19. Nxc5 Nxc5 20. dxc5 Rxc5 21. Rxc5 Qxc5 22. Qxc5 Bxc5 23. Nf3 Rb8 24. Bd1 Rb4 25. Bb3 a5 26. Rc1 Ba7 27. Ng5 Bb8 28. Nxe6 fxe6 29. Rc6 1/2-1/2

[Event "Astana 65 Victory Day"]
[Site "Astana"]
[Date "2010.04.16"]
[Round "8"]
[White "Mogila, Vladimir"]
[Black "Serikbayev, Yerlan"]
[Result "0-1"]
[WhiteElo "2312"]
[BlackElo "2299"]
[PlyCount "78"]
[EventDate "2010.03.26"]
[EventType "tourn"]
[EventRounds "14"]
[EventCountry "KAZ"]
[EventCategory "3"]
[SourceTitle "EXT 2012"]
[Source "ChessBase"]
[SourceDate "2011.11.24"]
[SourceVersion "1"]
[SourceVersionDate "2011.11.24"]
[SourceQuality "1"]

1. d4 d5 2. c4 e5 3. dxe5 d4 4. Nf3 Nc6 5. Nbd2 Nge7 6. Nb3 Nf5 7. Qd3 a5 8. Bg5 Bb4+ 9. Nbd2 Be7 10. h4 Nb4 11. Qe4 h6 12. Bxe7 Nxe7 13. g4 d3 14. 0-0-0 h5 15. a3 hxg4 16. Nd4 Nbc6 17. Nxc6 Nxc6 18. exd3 Nd4 19. h5 Bf5 20. Qe3 Qd7 21. Ne4 Bxe4 22. Qxe4 Rd8 23. Kb1 Rh6 24. c5 b6 25. Rh4 bxc5 26. Rxg4 Kf8 27. Bh3 Rb8 28. Rd2 Qe7 29. Rf4 Kg8 30. Bg4 Qg5 31. Qe3 Rhb6 32. Rxd4 Qxe3 33. Rd8+ Rxd8 34. fxe3 Rd5 35. d4 cxd4 36. exd4 c5 37. e6 fxe6 38. Re2 Kf7 39. dxc5 Rxc5 0-1

[Event "Berdsk Maestro op 14th"]
[Site "Berdsk"]
[Date "2008.07.14"]
[Round "7"]
[White "Sazhinov, Alexander"]
[Black "Mogila, Vladimir"]
[Result "1/2-1/2"]
[WhiteElo "2280"]
[BlackElo "2085"]
[PlyCount "74"]
[EventDate "2008.07.08"]
[EventType "swiss"]
[EventRounds "9"]
[EventCountry "RUS"]
[SourceTitle "CBM 125 Extra"]
[Source "ChessBase"]
[SourceDate "2008.09.01"]
[SourceVersion "1"]
[SourceVersionDate "2008.09.01"]
[SourceQuality "1"]

1. d4 Nf6 2. Bg5 Ne4 3. Bh4 c5 4. dxc5 Qa5+ 5. c3 Qxc5 6. Nd2 Nxd2 7. Qxd2 g6 8. e4 Bg7 9. f4 d6 10. Nf3 Be6 11. Bf2 Qc7 12. Bb5+ Bd7 13. Bd4 e5 14. fxe5 dxe5 15. Bxd7+ Nxd7 16. Bf2 0-0 17. 0-0 Nc5 18. Bxc5 Qxc5+ 19. Qf2 Qc6 20. Qe3 a6 21. Rad1 Rad8 22. b3 b5 23. Rd3 Rxd3 24. Qxd3 Rc8 25. Rd1 f5 26. Qd7 Qxd7 27. Rxd7 fxe4 28. Ng5 e3 29. Kf1 Bh6 30. Ne4 Rf8+ 31. Ke2 Rf4 32. Rd8+ Kg7 33. Rd7+ Kh8 34. Rd8+ Kg7 35. Rd7+ Kf8 36. Rd8+ Kg7 37. Rd7+ Kh8 1/2-1/2

[Event "Berdsk Maestro op 14th"]
[Site "Berdsk"]
[Date "2008.07.13"]
[Round "6"]
[White "Mogila, Vladimir"]
[Black "Feofanov, Vladimir"]
[Result "1/2-1/2"]
[WhiteElo "2085"]
[BlackElo "2298"]
[PlyCount "47"]
[EventDate "2008.07.08"]
[EventType "swiss"]
[EventRounds "9"]
[EventCountry "RUS"]
[SourceTitle "CBM 125 Extra"]
[Source "ChessBase"]
[SourceDate "2008.09.01"]
[SourceVersion "1"]
[SourceVersionDate "2008.09.01"]
[SourceQuality "1"]

1. d4 Nf6 2. c4 c6 3. Nc3 d5 4. cxd5 cxd5 5. Bf4 Nc6 6. e3 a6 7. Rc1 Bg4 8. Be2 Bxe2 9. Qxe2 e6 10. Nf3 Be7 11. 0-0 0-0 12. Bg5 Rc8 13. Bxf6 Bxf6 14. Na4 Be7 15. Nc5 Bxc5 16. dxc5 Qf6 17. Rfd1 Rfd8 18. Nd4 e5 19. Nxc6 bxc6 20. b4 Ra8 21. a4 Rdb8 22. Rb1 Qe7 23. Rdc1 Qe8 24. h3 1/2-1/2

[Event "Berdsk Maestro op 14th"]
[Site "Berdsk"]
[Date "2008.07.12"]
[Round "5"]
[White "Volontinas, Ivan Nikolaevich"]
[Black "Mogila, Vladimir"]
[Result "0-1"]
[WhiteElo "2164"]
[BlackElo "2085"]
[PlyCount "67"]
[EventDate "2008.07.08"]
[EventType "swiss"]
[EventRounds "9"]
[EventCountry "RUS"]
[SourceTitle "CBM 125 Extra"]
[Source "ChessBase"]
[SourceDate "2008.09.01"]
[SourceVersion "1"]
[SourceVersionDate "2008.09.01"]
[SourceQuality "1"]

1. d4 Nf6 2. Nf3 d5 3. g3 Bf5 4. Bg2 e6 5. Nh4 Bg6 6. 0-0 c5 7. dxc5 Bxc5 8. Nxg6 hxg6 9. c4 Nc6 10. Nc3 dxc4 11. Qa4 Rc8 12. Qxc4 Qe7 13. Bg5 0-0 14. Qh4 Nd4 15. g4 Qd7 16. Rad1 Nd5 17. Nxd5 Nxe2+ 18. Kh1 exd5 19. Rxd5 Qa4 20. b3 Qa6 21. Rd7 Nd4 22. Rd1 Qe2 23. Ra1 Nf3 24. Bxf3 Qxf3+ 25. Kg1 f6 26. Rxg7+ Kxg7 27. Qh6+ Kf7 28. Qh7+ Ke8 29. Qxg6+ Kd8 30. Bh4 Rc6 31. Bg3 Kc8 32. Re1 Rd8 33. h4 f5 34. Qg7 0-1

[Event "KAZ-ch"]
[Site "Kostanay"]
[Date "2008.04.22"]
[Round "4"]
[White "Mogila, Vladimir"]
[Black "Khegay, Vadim"]
[Result "0-1"]
[WhiteElo "2085"]
[BlackElo "2251"]
[PlyCount "28"]
[EventDate "2008.04.20"]
[EventType "swiss"]
[EventRounds "9"]
[EventCountry "KAZ"]
[SourceTitle "EXT 2022"]
[Source "ChessBase"]
[SourceDate "2021.10.06"]
[SourceVersion "1"]
[SourceVersionDate "2021.10.06"]
[SourceQuality "1"]

1. d4 Nf6 2. g3 d5 3. Bg2 e6 4. c4 Be7 5. Nf3 0-0 6. 0-0 c6 7. b3 b6 8. Bb2 Nbd7 9. Nc3 Ba6 10. Nd2 Rc8 11. Re1 c5 12. dxc5 d4 13. c6 dxc3 14. Bxc3 Nb8 0-1